[Event "European Team-ch 2007"]
[Site "Crete GRE"]
[Date "2007.11.03"]
[Round "6.8"]
[White "Socko, Bartosz"]
[Black "Adams, Michael"]
[Result "1/2-1/2"]
[WhiteElo "2646"]
[BlackElo "2729"]
[PlyCount "21"]
[EventDate "2007.10.28"]
[EventType "team"]
[EventRounds "9"]
[EventCountry "GRE"]
[Source "lmi"]
[SourceDate "2007.10.28"]
[WhiteTeam "Poland"]
[BlackTeam "England"]
[WhiteTeamCountry "POL"]
[BlackTeamCountry "ENG"]

1. e4 e5 2. Nf3 Nc6 3. Bb5 a6 4. Bxc6 dxc6 5. O-O Bg4 6. h3 h5 7. d3 Qf6 8. Be3
Bxf3 9. Qxf3 Qxf3 10. gxf3 Bd6 11. Nd2 1/2-1/2

[Event "European Team-ch 2007"]
[Site "Crete GRE"]
[Date "2007.11.03"]
[Round "6.8"]
[White "Jones, Gawain C B"]
[Black "Gajewski, Grzegorz"]
[Result "0-1"]
[WhiteElo "2567"]
[BlackElo "2573"]
[PlyCount "120"]
[EventDate "2007.10.28"]
[EventType "team"]
[EventRounds "9"]
[EventCountry "GRE"]
[Source "lmi"]
[SourceDate "2007.10.28"]
[WhiteTeam "England"]
[BlackTeam "Poland"]
[WhiteTeamCountry "ENG"]
[BlackTeamCountry "POL"]

1. e4 e5 2. Nf3 Nc6 3. d4 exd4 4. Nxd4 Nf6 5. Nxc6 bxc6 6. e5 Qe7 7. Qe2 Nd5 8.
c4 Ba6 9. b3 O-O-O 10. g3 g5 11. Bb2 Bg7 12. Nd2 Nb4 13. Nf3 Rhe8 14. Bh3 h5
15. a3 Nd5 16. Qd2 g4 17. cxd5 Qc5 18. b4 Qxd5 19. Qxd5 cxd5 20. b5 Bb7 21. O-O
gxf3 22. Rfe1 Kb8 23. Re3 d6 24. Rxf3 Bxe5 25. Bxe5 Rxe5 26. Rxf7 d4 27. Bf1
Rde8 28. Rd1 Re1 29. Rxe1 Rxe1 30. Rf8+ Bc8 31. Kg2 Kb7 32. Rf4 Kb6 33. Rxd4
Bb7+ 34. f3 Bxf3+ 35. Kf2 Ra1 36. Kxf3 Rxf1+ 37. Ke2 Ra1 38. a4 Ra2+ 39. Kf3
Rxh2 40. Rc4 Rd2 41. Rc6+ Kb7 42. Ra6 Rd4 43. Ke3 Rc4 44. Kf3 c6 45. Ke3 d5 46.
Kd3 c5 47. Rd6 Rxa4 48. Rxd5 Kb6 49. Rxh5 Kxb5 50. Rh4 Ra3+ 51. Kc2 Rxg3 52.
Kb2 a5 53. Rf4 Rg2+ 54. Kc3 a4 55. Rf8 Rg3+ 56. Kc2 Kb4 57. Kb2 Rg2+ 58. Kc1 c4
59. Rf1 Kb3 60. Kb1 c3 0-1

[Event "European Team-ch 2007"]
[Site "Crete GRE"]
[Date "2007.11.03"]
[Round "6.8"]
[White "Wojtaszek, Radoslaw"]
[Black "Pert, Nicholas"]
[Result "1-0"]
[WhiteElo "2635"]
[BlackElo "2539"]
[PlyCount "49"]
[EventDate "2007.10.28"]
[EventType "team"]
[EventRounds "9"]
[EventCountry "GRE"]
[Source "lmi"]
[SourceDate "2007.10.28"]
[WhiteTeam "Poland"]
[BlackTeam "England"]
[WhiteTeamCountry "POL"]
[BlackTeamCountry "ENG"]

1. d4 d5 2. Nf3 Nf6 3. c4 c6 4. Nc3 a6 5. c5 Nbd7 6. Bf4 Nh5 7. Bg5 h6 8. Bd2
Nhf6 9. Bf4 Nh5 10. Be5 Nxe5 11. Nxe5 Nf6 12. e3 Bf5 13. g4 Bh7 14. Bd3 Bxd3
15. Nxd3 e6 16. f4 b6 17. cxb6 Qxb6 18. O-O Bd6 19. b3 Qa5 20. Rc1 O-O 21. Na4
Rac8 22. Ndc5 Bxc5 23. Nxc5 Qxa2 24. Ra1 Qb2 25. Na4 1-0

[Event "European Team-ch 2007"]
[Site "Crete GRE"]
[Date "2007.11.03"]
[Round "6.8"]
[White "Hebden, Mark L"]
[Black "Bartel, Mateusz"]
[Result "0-1"]
[WhiteElo "2542"]
[BlackElo "2608"]
[PlyCount "82"]
[EventDate "2007.10.28"]
[EventType "team"]
[EventRounds "9"]
[EventCountry "GRE"]
[Source "lmi"]
[SourceDate "2007.10.28"]
[WhiteTeam "England"]
[BlackTeam "Poland"]
[WhiteTeamCountry "ENG"]
[BlackTeamCountry "POL"]

1. d4 Nf6 2. Nf3 e6 3. c3 c5 4. Bg5 cxd4 5. cxd4 Qb6 6. Nc3 Qxb2 7. Bd2 Qb6 8.
e4 d5 9. exd5 exd5 10. Rb1 Qd8 11. Bb5+ Nc6 12. Ne5 Bd7 13. O-O Be7 14. Re1 O-O
15. Bg5 Re8 16. Bd3 Nxe5 17. dxe5 Ng4 18. Bxe7 Qxe7 19. Be2 Qxe5 20. Bxg4 Qxe1+
21. Qxe1 Rxe1+ 22. Rxe1 Bxg4 23. Nxd5 Rd8 24. f3 Be6 25. Nc3 h6 26. a4 b6 27.
Nb5 Rd7 28. Re4 Kf8 29. Kf2 Rd2+ 30. Kg3 a5 31. Nc7 Bd7 32. Rc4 Ke7 33. Na8 Rb2
34. Rc7 Kd6 35. Rb7 Bxa4 36. Rxf7 Bd7 37. Rxg7 a4 38. Rg6+ Kc5 39. Rxh6 a3 40.
Rh5+ Kc6 41. Nxb6 Kxb6 0-1

[Event "European Team-ch 2007"]
[Site "Crete GRE"]
[Date "2007.11.03"]
[Round "6.9"]
[White "Pantsulaia, Levan"]
[Black "Agrest, Evgenij"]
[Result "1/2-1/2"]
[WhiteElo "2617"]
[BlackElo "2541"]
[PlyCount "49"]
[EventDate "2007.10.28"]
[EventType "team"]
[EventRounds "9"]
[EventCountry "GRE"]
[Source "lmi"]
[SourceDate "2007.10.28"]
[WhiteTeam "Georgia"]
[BlackTeam "Sweden"]
[WhiteTeamCountry "GEO"]
[BlackTeamCountry "SWE"]

1. Nf3 d5 2. c4 d4 3. g3 Nc6 4. Bg2 e5 5. d3 Nf6 6. O-O Bd6 7. Na3 O-O 8. Nc2
Re8 9. Bg5 h6 10. Bxf6 Qxf6 11. Nd2 Bf8 12. a3 a5 13. b3 Bf5 14. Rb1 Qe6 15.
Re1 Bh3 16. Bh1 Qd7 17. Qc1 Nd8 18. b4 axb4 19. axb4 Ra6 20. Qb2 Rb6 21. b5 Bf5
22. Nf3 Bc5 23. Nd2 Bf8 24. Nf3 Bc5 25. Nd2 1/2-1/2

[Event "European Team-ch 2007"]
[Site "Crete GRE"]
[Date "2007.11.03"]
[Round "6.9"]
[White "Hillarp Persson, Tiger"]
[Black "Arutinian, David"]
[Result "1/2-1/2"]
[WhiteElo "2567"]
[BlackElo "2574"]
[PlyCount "91"]
[EventDate "2007.10.28"]
[EventType "team"]
[EventRounds "9"]
[EventCountry "GRE"]
[Source "lmi"]
[SourceDate "2007.10.28"]
[WhiteTeam "Sweden"]
[BlackTeam "Georgia"]
[WhiteTeamCountry "SWE"]
[BlackTeamCountry "GEO"]

1. d4 Nf6 2. c4 e6 3. Nf3 d5 4. Nc3 Bb4 5. Qa4+ Nc6 6. e3 O-O 7. Qc2 dxc4 8.
Bxc4 a6 9. O-O Bd6 10. Rd1 Qe8 11. a3 e5 12. Ng5 h6 13. Nge4 Nxe4 14. Nxe4 Qe7
15. d5 Nd8 16. Nxd6 cxd6 17. a4 Bd7 18. Ra3 Rc8 19. Rc3 f5 20. Bf1 Rxc3 21.
bxc3 Qe8 22. Qb1 Bxa4 23. Rd2 b5 24. Ba3 Qd7 25. c4 Nf7 26. c5 dxc5 27. Bxc5
Rc8 28. Bb4 e4 29. d6 Rc6 30. Qb2 a5 31. Bxa5 Rxd6 32. h3 Rxd2 33. Bxd2 Ng5 34.
Be2 Qd5 35. Bc3 Ne6 36. Bh5 Kh7 37. Bf7 Qd1+ 38. Kh2 Ng5 39. Bxg7 Qd7 40. Bg6+
Kxg6 41. Qf6+ Kh7 42. Qxh6+ Kg8 43. Qh8+ Kf7 44. Qf8+ Kg6 45. Qf6+ Kh7 46. Qh6+
1/2-1/2

[Event "European Team-ch 2007"]
[Site "Crete GRE"]
[Date "2007.11.03"]
[Round "6.10"]
[White "Naiditsch, Arkadij"]
[Black "Georgiev, Vladimir"]
[Result "1/2-1/2"]
[WhiteElo "2639"]
[BlackElo "2576"]
[PlyCount "170"]
[EventDate "2007.10.28"]
[EventType "team"]
[EventRounds "9"]
[EventCountry "GRE"]
[Source "lmi"]
[SourceDate "2007.10.28"]
[WhiteTeam "Germany"]
[BlackTeam "Former Yugoslav Republic of Macedonia"]
[WhiteTeamCountry "GER"]
[BlackTeamCountry "FRM"]

1. e4 e5 2. Nf3 Nc6 3. Bb5 a6 4. Ba4 Nf6 5. O-O Bc5 6. c3 b5 7. Bb3 d6 8. d4
Ba7 9. a4 O-O 10. axb5 axb5 11. Na3 Bb6 12. Bg5 h6 13. Bh4 exd4 14. Bd5 Bd7 15.
cxd4 g5 16. Nxg5 Nxd5 17. Nf3 Nde7 18. Bf6 Qe8 19. Re1 Ng6 20. e5 dxe5 21. d5
Bg4 22. Qc1 Kh7 23. Qxc6 Qxc6 24. dxc6 Bxf3 25. gxf3 Rfe8 26. Nxb5 Rxa1 27.
Rxa1 Re6 28. Bd8 Rxc6 29. Nc3 Nf4 30. Kf1 Kg6 31. Bh4 Bd4 32. Bg3 Bxc3 33. bxc3
Rxc3 34. Bxf4 exf4 35. Ra6+ f6 36. Ke2 Rc2+ 37. Kd3 Rxf2 38. Ke4 Rxh2 39. Rc6
Re2+ 40. Kxf4 Re7 41. Kg4 Rd7 42. Rc5 h5+ 43. Kh4 Rg7 44. Kh3 Kh6 45. Kh4 Rh7
46. Rc6 Kg6 47. Rc5 Rd7 48. Kg3 Kf7 49. Rxh5 Ke6 50. Rc5 Kd6 51. Rf5 Ke6 52.
Rc5 Kd6 53. Rf5 Rf7 54. Kf4 Ke6 55. Rc5 Kd6 56. Rf5 c6 57. Ke4 Re7+ 58. Kd4 Re6
59. Kc4 Ke7 60. Kd4 Kf7 61. Rc5 Kg6 62. Kd3 f5 63. f4 Re4 64. Kd2 Re8 65. Kd3
Re6 66. Kd2 Rf6 67. Ke3 Rd6 68. Ke2 Kf6 69. Ke3 Ke6 70. Re5+ Kf6 71. Rc5 Re6+
72. Kd3 Kg6 73. Kd2 Re4 74. Kd3 Rxf4 75. Rxc6+ Kg5 76. Ke3 Ra4 77. Kf3 Ra3+ 78.
Kf2 Kg4 79. Rc4+ f4 80. Rc2 Rh3 81. Rc8 Rh2+ 82. Kg1 Re2 83. Kf1 Ra2 84. Rc3 f3
85. Rc8 Ra1+ 1/2-1/2

[Event "European Team-ch 2007"]
[Site "Crete GRE"]
[Date "2007.11.03"]
[Round "6.10"]
[White "Buhmann, Rainer"]
[Black "Nedev, Trajce"]
[Result "1-0"]
[WhiteElo "2567"]
[BlackElo "2528"]
[PlyCount "89"]
[EventDate "2007.10.28"]
[EventType "team"]
[EventRounds "9"]
[EventCountry "GRE"]
[Source "lmi"]
[SourceDate "2007.10.28"]
[WhiteTeam "Germany"]
[BlackTeam "Former Yugoslav Republic of Macedonia"]
[WhiteTeamCountry "GER"]
[BlackTeamCountry "FRM"]

1. Nf3 Nf6 2. c4 g6 3. Nc3 Bg7 4. e4 d6 5. d4 O-O 6. Be2 e5 7. O-O Nc6 8. d5
Ne7 9. b4 Nh5 10. Re1 f5 11. Ng5 Nf6 12. Bf3 c6 13. Bb2 h6 14. Ne6 Bxe6 15.
dxe6 fxe4 16. Nxe4 Nxe4 17. Rxe4 d5 18. cxd5 cxd5 19. Rxe5 Bxe5 20. Bxe5 Qb6
21. Bb2 Rad8 22. Qd2 d4 23. Re1 Rf6 24. Bg4 Kh7 25. h4 h5 26. Bh3 Nc6 27. e7
Re8 28. b5 Nb8 29. Qxd4 Qxd4 30. Bxd4 Rd6 31. Bxa7 Nd7 32. a4 Kg7 33. a5 Kf7
34. Be3 Rxe7 35. Ra1 Re8 36. a6 bxa6 37. bxa6 Ra8 38. a7 Nb6 39. g3 Nd5 40. Bg2
Rdd8 41. Ra6 Rd7 42. Bc5 Nc7 43. Bxa8 Nxa6 44. Bb6 Nc7 45. Bxc7 1-0

[Event "European Team-ch 2007"]
[Site "Crete GRE"]
[Date "2007.11.03"]
[Round "6.10"]
[White "Colovic, Aleksandar"]
[Black "Baramidze, David"]
[Result "1/2-1/2"]
[WhiteElo "2477"]
[BlackElo "2569"]
[PlyCount "129"]
[EventDate "2007.10.28"]
[EventType "team"]
[EventRounds "9"]
[EventCountry "GRE"]
[Source "lmi"]
[SourceDate "2007.10.28"]
[WhiteTeam "Former Yugoslav Republic of Macedonia"]
[BlackTeam "Germany"]
[WhiteTeamCountry "FRM"]
[BlackTeamCountry "GER"]

1. e4 c5 2. Nf3 d6 3. d4 cxd4 4. Nxd4 Nf6 5. Nc3 Nc6 6. Bg5 e6 7. Qd2 Be7 8.
O-O-O Nxd4 9. Qxd4 O-O 10. f4 Qa5 11. e5 dxe5 12. Qxe5 Qxe5 13. fxe5 Nd5 14.
Bxe7 Nxe7 15. Bd3 b6 16. Be4 Rb8 17. Rhe1 Ng6 18. Bxg6 hxg6 19. Nb5 Bb7 20. g3
a6 21. Nd6 Bd5 22. b3 b5 23. c4 bxc4 24. bxc4 Bc6 25. Rd3 f5 26. exf6 Rxf6 27.
Rb3 Rd8 28. c5 Rf2 29. Rb2 Rdf8 30. Ree2 Rf1+ 31. Kd2 Bd5 32. Rb6 Ra1 33. Rxa6
Rff1 34. Kc3 Rf3+ 35. Kb2 Rff1 36. Kc3 Rf3+ 37. Kb2 Rff1 38. Rc2 Rab1+ 39. Ka3
Rf3+ 40. Ka4 Ra1 41. Ka5 Bxa2 42. Kb6 Rb1+ 43. Kc7 Bb3 44. Ra8+ Kh7 45. Ra3 Rd3
46. Re2 Rc1 47. Re5 Rd5 48. Rxd5 Bxd5 49. Kb6 e5 50. Rd3 Rb1+ 51. Kc7 Bh1 52.
Re3 Rb2 53. h4 g5 54. Rxe5 gxh4 55. Rh5+ Kg6 56. Rxh4 Bg2 57. Rg4+ Kf6 58. Ne8+
Kf5 59. Rf4+ Ke5 60. Nd6 Rc2 61. Rf5+ Ke6 62. Rg5 Kf6 63. Rf5+ Ke6 64. Rg5 Kf6
65. Rf5+ 1/2-1/2

[Event "European Team-ch 2007"]
[Site "Crete GRE"]
[Date "2007.11.03"]
[Round "6.11"]
[White "Palac, Mladen"]
[Black "Stefansson, Hannes"]
[Result "1/2-1/2"]
[WhiteElo "2567"]
[BlackElo "2574"]
[PlyCount "60"]
[EventDate "2007.10.28"]
[EventType "team"]
[EventRounds "9"]
[EventCountry "GRE"]
[Source "lmi"]
[SourceDate "2007.10.28"]
[WhiteTeam "Croatia"]
[BlackTeam "Iceland"]
[WhiteTeamCountry "CRO"]
[BlackTeamCountry "ISL"]

1. e4 e5 2. Nf3 Nc6 3. Bb5 a6 4. Ba4 Nf6 5. O-O b5 6. Bb3 Bb7 7. d3 Be7 8. Re1
O-O 9. a4 d6 10. Bd2 Rb8 11. axb5 axb5 12. Nc3 Bc8 13. h3 Nd7 14. Be3 Bf6 15.
Nd5 Nc5 16. Ba2 Nd4 17. Nxd4 exd4 18. Bf4 Be5 19. Bd2 c6 20. Nf4 g6 21. Ne2 Bg7
22. b4 Na4 23. Bb3 Nb6 24. c3 dxc3 25. Bxc3 Bxc3 26. Nxc3 Be6 27. Qc2 Bxb3 28.
Qxb3 Ra8 29. Rxa8 Qxa8 30. Rc1 Re8 1/2-1/2

[Event "European Team-ch 2007"]
[Site "Crete GRE"]
[Date "2007.11.03"]
[Round "6.11"]
[White "Steingrimsson, Hedinn"]
[Black "Zelcic, Robert"]
[Result "1-0"]
[WhiteElo "2533"]
[BlackElo "2578"]
[PlyCount "119"]
[EventDate "2007.10.28"]
[EventType "team"]
[EventRounds "9"]
[EventCountry "GRE"]
[Source "lmi"]
[SourceDate "2007.10.28"]
[WhiteTeam "Iceland"]
[BlackTeam "Croatia"]
[WhiteTeamCountry "ISL"]
[BlackTeamCountry "CRO"]

1. d4 Nf6 2. c4 e6 3. Nc3 Bb4 4. Qc2 O-O 5. a3 Bxc3+ 6. Qxc3 b6 7. Bg5 h6 8.
Bh4 Ba6 9. e3 d6 10. Ne2 Nbd7 11. Qc2 c5 12. Qa4 Bb7 13. Nc3 a6 14. Qd1 Qb8 15.
f3 d5 16. cxd5 exd5 17. Qd2 Re8 18. Be2 Qd6 19. O-O Qe7 20. Bf2 Nf8 21. Rfe1
Bc6 22. Bd3 Qa7 23. Rad1 cxd4 24. exd4 Rxe1+ 25. Rxe1 Re8 26. Re5 Ne6 27. Bf5
Nd7 28. Re1 Ndf8 29. Ne2 Bd7 30. Bb1 Qb8 31. h3 b5 32. Ng3 Ng5 33. Nf5 Rxe1+
34. Qxe1 Bxf5 35. Bxf5 Qf4 36. Bd3 Nge6 37. Qe3 Qc7 38. b3 Nf4 39. Bf1 N8e6 40.
Qd2 Ng6 41. a4 bxa4 42. bxa4 Qd6 43. Qa5 Nc7 44. Qc5 Qd7 45. Qa7 Qd6 46. a5 Qc6
47. Bg3 Nb5 48. Qb6 Qc1 49. Qxa6 Nxd4 50. Qd3 Qa1 51. a6 Ne7 52. Kh2 Nec6 53.
Bf2 g6 54. Be2 Nxe2 55. Qxe2 Kg7 56. Qb5 Qe5+ 57. Bg3 Qe6 58. Qb6 Qd7 59. Qb7
Qe6 60. a7 1-0

[Event "European Team-ch 2007"]
[Site "Crete GRE"]
[Date "2007.11.03"]
[Round "6.11"]
[White "Brkic, Ante"]
[Black "Danielsen, Henrik"]
[Result "0-1"]
[WhiteElo "2577"]
[BlackElo "2491"]
[PlyCount "84"]
[EventDate "2007.10.28"]
[EventType "team"]
[EventRounds "9"]
[EventCountry "GRE"]
[Source "lmi"]
[SourceDate "2007.10.28"]
[WhiteTeam "Croatia"]
[BlackTeam "Iceland"]
[WhiteTeamCountry "CRO"]
[BlackTeamCountry "ISL"]

1. e4 e5 2. Nf3 Nc6 3. Bb5 Nf6 4. d3 d6 5. O-O Bd7 6. Re1 g6 7. d4 Bg7 8. d5
Ne7 9. Bxd7+ Nxd7 10. Be3 O-O 11. c4 h6 12. Nfd2 f5 13. f3 f4 14. Bf2 g5 15.
Nc3 Ng6 16. b4 Nf6 17. c5 Rf7 18. Rc1 Bf8 19. Kh1 Rg7 20. Nc4 h5 21. cxd6 cxd6
22. Nb5 a6 23. Nba3 g4 24. Rc2 g3 25. Bb6 Qe8 26. Qe2 gxh2 27. Bf2 h4 28. Nb6
Rd8 29. Kxh2 Nh5 30. Rec1 Ng3 31. Qd3 h3 32. gxh3 Nh4 33. Nb1 Qh5 34. Nd2 Rh7
35. Kg1 Ng6 36. Rc7 Qxh3 37. Rxh7 Kxh7 38. Rc7+ Kg8 39. Bxg3 fxg3 40. Nf1 Nf4
41. Qc2 g2 42. Nh2 Qg3 0-1

[Event "European Team-ch 2007"]
[Site "Crete GRE"]
[Date "2007.11.03"]
[Round "6.11"]
[White "Kristjansson, Stefan"]
[Black "Jankovic, Alojzije"]
[Result "1/2-1/2"]
[WhiteElo "2458"]
[BlackElo "2548"]
[PlyCount "83"]
[EventDate "2007.10.28"]
[EventType "team"]
[EventRounds "9"]
[EventCountry "GRE"]
[Source "lmi"]
[SourceDate "2007.10.28"]
[WhiteTeam "Iceland"]
[BlackTeam "Croatia"]
[WhiteTeamCountry "ISL"]
[BlackTeamCountry "CRO"]

1. e4 c5 2. c3 Nf6 3. e5 Nd5 4. Nf3 Nc6 5. Bc4 e6 6. d4 cxd4 7. cxd4 d6 8. Qe2
Be7 9. O-O O-O 10. Qe4 Bd7 11. Re1 Rc8 12. a3 Na5 13. Ba2 Ba4 14. Qg4 Bc2 15.
Bxd5 exd5 16. Nc3 dxe5 17. Rxe5 f5 18. Qh5 Nb3 19. Nxd5 Bf6 20. Bg5 Nxa1 21.
Bxf6 Be4 22. Qg5 Rc1+ 23. Qxc1 gxf6 24. Ne7+ Kh8 25. Qh6 fxe5 26. Ng6+ Kg8 27.
Ng5 Rf7 28. Nxf7 Kxf7 29. Nxe5+ Kg8 30. Qe6+ Kg7 31. Qf7+ Kh8 32. h4 Nc2 33.
Qe6 Qd5 34. Qe8+ Kg7 35. Qe7+ Kg8 36. Qe8+ Kg7 37. Qe7+ Kg8 38. Nd7 Qf7 39.
Nf6+ Kg7 40. Nh5+ Kg8 41. Nf6+ Kg7 42. Nh5+ 1/2-1/2

[Event "European Team-ch 2007"]
[Site "Crete GRE"]
[Date "2007.11.03"]
[Round "6.12"]
[White "Nielsen, Peter Heine"]
[Black "Pelletier, Yannick"]
[Result "1/2-1/2"]
[WhiteElo "2626"]
[BlackElo "2609"]
[PlyCount "43"]
[EventDate "2007.10.28"]
[EventType "team"]
[EventRounds "9"]
[EventCountry "GRE"]
[Source "lmi"]
[SourceDate "2007.10.28"]
[WhiteTeam "Denmark"]
[BlackTeam "Switzerland"]
[WhiteTeamCountry "DEN"]
[BlackTeamCountry "SUI"]

1. d4 Nf6 2. c4 e6 3. g3 d5 4. Nf3 dxc4 5. Bg2 Nc6 6. Qa4 Bb4+ 7. Bd2 Nd5 8.
Bxb4 Ndxb4 9. a3 b5 10. Qxb5 Nc2+ 11. Kd2 Bd7 12. Kxc2 Nxd4+ 13. Nxd4 Bxb5 14.
Nxb5 Rb8 15. N1c3 O-O 16. Rad1 Qg5 17. Nd4 Qc5 18. e3 Qb6 19. Na4 Qa5 20. Nc3
Qb6 21. Na4 Qa5 22. Nc3 1/2-1/2

[Event "European Team-ch 2007"]
[Site "Crete GRE"]
[Date "2007.11.03"]
[Round "6.12"]
[White "Jenni, Florian"]
[Black "Hansen, Lars Bo"]
[Result "1/2-1/2"]
[WhiteElo "2511"]
[BlackElo "2572"]
[PlyCount "32"]
[EventDate "2007.10.28"]
[EventType "team"]
[EventRounds "9"]
[EventCountry "GRE"]
[Source "lmi"]
[SourceDate "2007.10.28"]
[WhiteTeam "Switzerland"]
[BlackTeam "Denmark"]
[WhiteTeamCountry "SUI"]
[BlackTeamCountry "DEN"]

1. e4 e5 2. Nf3 Nc6 3. Bb5 a6 4. Ba4 Nf6 5. O-O Be7 6. Bxc6 dxc6 7. Qe2 c5 8.
b3 Nd7 9. Bb2 Bd6 10. Na3 b5 11. c4 O-O 12. d3 Rb8 13. g3 Re8 14. Nh4 Nf8 15.
Nf5 Ne6 16. Nxd6 Qxd6 1/2-1/2

[Event "European Team-ch 2007"]
[Site "Crete GRE"]
[Date "2007.11.03"]
[Round "6.12"]
[White "Hansen, Sune Berg"]
[Black "Gallagher, Joseph G"]
[Result "0-1"]
[WhiteElo "2564"]
[BlackElo "2497"]
[PlyCount "72"]
[EventDate "2007.10.28"]
[EventType "team"]
[EventRounds "9"]
[EventCountry "GRE"]
[Source "lmi"]
[SourceDate "2007.10.28"]
[WhiteTeam "Denmark"]
[BlackTeam "Switzerland"]
[WhiteTeamCountry "DEN"]
[BlackTeamCountry "SUI"]

1. e4 c5 2. Nf3 d6 3. d4 cxd4 4. Nxd4 Nf6 5. Nc3 a6 6. Be3 Ng4 7. Bc1 Nf6 8. f3
e5 9. Nb3 Be6 10. Be3 Nbd7 11. Qd2 b5 12. O-O-O Nb6 13. Qf2 Nc4 14. Bxc4 bxc4
15. Na5 Rc8 16. Bb6 Qd7 17. g3 g6 18. f4 Bg7 19. Kb1 O-O 20. h3 Ne8 21. Qe3 Nc7
22. fxe5 Bxe5 23. Bd4 Bxd4 24. Rxd4 Nb5 25. Nxb5 Qxb5 26. Qa3 Rc5 27. b4 Rb8
28. Ka1 Qxb4 29. Qxb4 Rxb4 30. Nb3 Rcb5 31. c3 Ra4 32. Nc1 Ra3 33. Ne2 d5 34.
exd5 Bxd5 35. Re1 Bf3 36. Rxc4 Re5 0-1

[Event "European Team-ch 2007"]
[Site "Crete GRE"]
[Date "2007.11.03"]
[Round "6.12"]
[White "Ekstroem, Roland"]
[Black "Schandorff, Lars"]
[Result "1/2-1/2"]
[WhiteElo "2478"]
[BlackElo "2520"]
[PlyCount "134"]
[EventDate "2007.10.28"]
[EventType "team"]
[EventRounds "9"]
[EventCountry "GRE"]
[Source "lmi"]
[SourceDate "2007.10.28"]
[WhiteTeam "Switzerland"]
[BlackTeam "Denmark"]
[WhiteTeamCountry "SUI"]
[BlackTeamCountry "DEN"]

1. d4 Nf6 2. Bg5 Ne4 3. Bf4 c5 4. f3 Qa5+ 5. c3 Nf6 6. Nd2 cxd4 7. Nb3 Qd8 8.
cxd4 e6 9. e4 Nc6 10. Bd3 Qb6 11. Ne2 a5 12. a4 Bb4+ 13. Kf2 d5 14. e5 Nd7 15.
Be3 Be7 16. Re1 O-O 17. Nc3 Nb4 18. Bf1 Qd8 19. Kg1 Nb6 20. Nd2 f6 21. exf6
Bxf6 22. f4 Bd7 23. Rc1 Rc8 24. b3 Rc7 25. Nf3 Nc8 26. Qd2 Nd6 27. Ne5 Qe7 28.
g3 Be8 29. Bg2 Qd8 30. Bf2 Re7 31. Re2 Bh5 32. g4 Be8 33. g5 Bxe5 34. dxe5 Nf5
35. Bc5 Bh5 36. Rf2 Ref7 37. Nb5 Nc6 38. Nd6 Rd7 39. Nxb7 Rxb7 40. Bxf8 Ncd4
41. Bd6 Nxb3 42. Qb2 Qd7 43. Rc7 Rxc7 44. Bxc7 Qxa4 45. Bb6 Qb5 46. Bxa5 Ne3
47. Be1 Nd1 48. Bf1 Qb7 49. Qa3 Nxf2 50. Bxf2 Nd2 51. Qa6 Qxa6 52. Bxa6 Bg6 53.
Be3 Nc4 54. Bxc4 dxc4 55. Bd2 Kf7 56. Kf2 Bd3 57. Bb4 Kg6 58. Bf8 c3 59. Ke3
Bc4 60. h4 Ba6 61. h5+ Kxh5 62. Bxg7 Kg4 63. Bf6 c2 64. Kd2 Bd3 65. Kc1 Kxf4
66. Kd2 Bf5 67. Kc1 Bg6 1/2-1/2

[Event "European Team-ch 2007"]
[Site "Crete GRE"]
[Date "2007.11.03"]
[Round "6.13"]
[White "Atalik, Suat"]
[Black "Miladinovic, Igor"]
[Result "1/2-1/2"]
[WhiteElo "2599"]
[BlackElo "2603"]
[PlyCount "40"]
[EventDate "2007.10.28"]
[EventType "team"]
[EventRounds "9"]
[EventCountry "GRE"]
[Source "lmi"]
[SourceDate "2007.10.28"]
[WhiteTeam "Turkey"]
[BlackTeam "SRB"]
[WhiteTeamCountry "TUR"]

1. d4 d5 2. c4 e6 3. Nc3 Nf6 4. Bg5 Nbd7 5. e3 c6 6. cxd5 exd5 7. Bd3 Be7 8.
Qc2 O-O 9. Nf3 Re8 10. O-O Nf8 11. h3 Bd6 12. Rfe1 h6 13. Bxf6 Qxf6 14. e4 Bb4
15. Qb3 Bxc3 16. e5 Qxf3 17. gxf3 Bxd4 18. Rad1 Bb6 19. f4 Ne6 20. Qb4 Nd4
1/2-1/2

[Event "European Team-ch 2007"]
[Site "Crete GRE"]
[Date "2007.11.03"]
[Round "6.13"]
[White "Markus, Robert"]
[Black "Haznedaroglu, Kivanc"]
[Result "1-0"]
[WhiteElo "2586"]
[BlackElo "2468"]
[PlyCount "101"]
[EventDate "2007.10.28"]
[EventType "team"]
[EventRounds "9"]
[EventCountry "GRE"]
[Source "lmi"]
[SourceDate "2007.10.28"]
[WhiteTeam "SRB"]
[BlackTeam "Turkey"]
[BlackTeamCountry "TUR"]

1. d4 d5 2. c4 c6 3. Nf3 Nf6 4. Qc2 e6 5. g3 Be7 6. Bg2 O-O 7. O-O Nbd7 8. Nbd2
b6 9. e4 dxe4 10. Nxe4 Nxe4 11. Qxe4 Bb7 12. Rd1 Qc8 13. Bf4 c5 14. d5 Re8 15.
Qc2 exd5 16. cxd5 Qd8 17. Re1 h6 18. d6 Bf6 19. Rxe8+ Qxe8 20. Re1 Qf8 21. Qa4
Qc8 22. Nd2 Bxg2 23. Kxg2 Qb7+ 24. f3 Rd8 25. Qb3 b5 26. Ne4 c4 27. Qb4 Be5 28.
Qd2 Re8 29. Nc3 Re6 30. Bxe5 Rxe5 31. Rxe5 Nxe5 32. Qd5 Qxd5 33. Nxd5 f5 34.
Ne7+ Kf7 35. Nxf5 Kf6 36. f4 Nc6 37. g4 h5 38. d7 Nd8 39. Nd4 b4 40. gxh5 Ke7
41. Kf3 Kxd7 42. Ke4 Nf7 43. Nf5 c3 44. bxc3 bxc3 45. Kd3 Ke6 46. Ne3 Nd6 47.
a4 Ne8 48. Kxc3 Nf6 49. h6 gxh6 50. Kd4 Nh5 51. f5+ 1-0

[Event "European Team-ch 2007"]
[Site "Crete GRE"]
[Date "2007.11.03"]
[Round "6.13"]
[White "Erdogdu, Mert"]
[Black "Sedlak, Nikola"]
[Result "0-1"]
[WhiteElo "2440"]
[BlackElo "2605"]
[PlyCount "68"]
[EventDate "2007.10.28"]
[EventType "team"]
[EventRounds "9"]
[EventCountry "GRE"]
[Source "lmi"]
[SourceDate "2007.10.28"]
[WhiteTeam "Turkey"]
[BlackTeam "SRB"]
[WhiteTeamCountry "TUR"]

1. e4 c5 2. Nf3 d6 3. d4 cxd4 4. Nxd4 Nf6 5. Nc3 Bd7 6. f3 e5 7. Nb3 Be7 8. Be3
O-O 9. Qd2 a5 10. a4 Na6 11. Bb5 Be6 12. O-O Nb4 13. Qf2 d5 14. Bb6 Qc8 15.
exd5 Nfxd5 16. Nxd5 Nxd5 17. Bc5 b6 18. Bxe7 Nxe7 19. Rfe1 Qc7 20. Nc1 Rad8 21.
Nd3 Ng6 22. Ra3 Qd6 23. Qe3 Rc8 24. c3 f6 25. f4 Bd5 26. fxe5 fxe5 27. Raa1
Bxg2 28. Nxe5 Bd5 29. Rad1 Nf4 30. h3 Qf6 31. Kh2 Ng2 32. Qd4 Nxe1 33. Qxd5+
Kh8 34. Kh1 Qh4 0-1

[Event "European Team-ch 2007"]
[Site "Crete GRE"]
[Date "2007.11.03"]
[Round "6.14"]
[White "Kulaots, Kaido"]
[Black "Ragger, Markus"]
[Result "1/2-1/2"]
[WhiteElo "2547"]
[BlackElo "2528"]
[PlyCount "32"]
[EventDate "2007.10.28"]
[EventType "team"]
[EventRounds "9"]
[EventCountry "GRE"]
[Source "lmi"]
[SourceDate "2007.10.28"]
[WhiteTeam "Estonia"]
[BlackTeam "Austria"]
[WhiteTeamCountry "EST"]
[BlackTeamCountry "AUT"]

1. e4 e5 2. Nf3 Nc6 3. Bc4 Nf6 4. d3 Be7 5. O-O O-O 6. Re1 d6 7. a4 Na5 8. Ba2
c5 9. c3 Nc6 10. Nbd2 h6 11. Nf1 Nh7 12. Ne3 Ng5 13. Nd2 Nh7 14. Ndf1 Bg5 15.
Qf3 Be6 16. Nd5 Ne7 1/2-1/2